| 000 | 00724nam a2200217Ii 4500 | ||
|---|---|---|---|
| 003 | JO-AjNU | ||
| 008 | 230605s9999||||xx |||||||||||||| ||und|| | ||
| 017 | _a1974/97 | ||
| 040 |
_aJO-AjNU _bara _erda _cJO-AjNU |
||
| 041 | _aara | ||
| 050 | 1 | 4 | _aPJ7860.A35.A17 1974 |
| 100 | 3 |
_aتأليف الرافعي،عبد الحميد, _eauthor _913998 |
|
| 245 | 0 | 0 | _aديوان الشاعر عبد الحميد الرافعي |
| 264 | 3 | 1 | _aبغداد:وزارة الثقافة،1974 |
| 300 | _a250ص | ||
| 336 |
_atext _btxt _2rdacontent |
||
| 337 |
_aunmediated _bn _2rdamedia |
||
| 338 |
_avolume _bnc _2rdacarrier |
||
| 490 | 0 | _aديوان الشعر العربي الحديث (43) | |
| 650 | 4 |
_aالشعر العربي _913999 |
|
| 999 |
_aA3628 _c7196 _d7196 |
||